000
00321nam a22001337a 4500
008
181101b xxu||||| |||| 00| 0 eng d
020
_a
9780871012784
041
_a
eng
080
_a
316
100
_a
50
101
_a
SOC
245
_a
Cultural Competence in Substance Abuse Prevention
_c
Epstein,L.G
942
_2
udc
_c
BK
999
_c
51466
_d
51466